Statistics for Capitals of British Indian States

Click here to take the quiz!

General Stats

  • This quiz has been taken 62 times
    (59 since last reset)
  • The average score is 9 of 15

Answer Stats

StatesCapitals% Correct
Bombay PresidencyBombay
96%
Hyderabad Estate Hyderabad
94%
Madras PresidencyMadras
90%
PunjabLahore
85%
Mysore EstateMysore
85%
BengalCalcutta
83%
Burma Rangoon
79%
Rajputna Agency Jaipur
63%
Andaman and Nicobar IslandsPort Blair
63%
Baluchistan Quetta
56%
North West Frontier Province Peshawar
52%
CoorgCoorg
29%
Central Provinces Nagpur
25%
United Provinces Allahabad
23%
MerwaraAjmer
19%

Score Distribution

Percentile by Number Answered

Percent of People with Each Score

Your Score History

You have not taken this quiz since the last reset